000 00546nam a2200217Ia 4500
003 OSt
005 20220923230823.0
006 a|||||r|||| 00| 0
007 ta
008 Pun
024 _a305,857
037 _cTextual
040 _aARTS
_cARTS
_bPun
041 _2Pun
_aPun
082 _aP153v, J3
100 _aਗੁਰਚਰਨ ਸਿੰਘ
245 0 _aਪੰਜਾਬੀ ਬੋਲੀ ਦਾ ਵਿਕਾF
260 _c1953
942 _hP153v, J3
_cTEXL
_2CC
999 _c387644
_d387644